| 000 | 00475 a2200181 4500 | ||
|---|---|---|---|
| 005 | 20260422124930.0 | ||
| 008 | 260422b |||||||| |||| 00| 0 eng d | ||
| 020 |
_a9788198196074 _cRs. 1595.00 |
||
| 040 | _aMAIN | ||
| 082 |
_a320.50954 _bR165M |
||
| 100 | _aRanjan, Ravi | ||
| 245 | _aModern Indian political thought | ||
| 260 |
_bBlackwell Press _c2025 _aNew Delhi |
||
| 300 | _a294 | ||
| 650 | _aPolitcal Science | ||
| 650 | _aIndian Political Thought | ||
| 942 | _cBK | ||
| 999 |
_c395178 _d395178 |
||